[Event "Madrid Codes Memorial 11th"]
[Site "Madrid"]
[Date "2017.05.14"]
[Round "5"]
[White "Canseco Arenas, Alfonso"]
[Black "Santacruz Sanchez, Jose Luis"]
[Result "1-0"]
[WhiteElo "1623"]
[BlackElo "1272"]
[PlyCount "99"]
[EventDate "2017.04.02"]
[EventType "swiss"]
[EventRounds "9"]
[EventCountry "ESP"]
[SourceTitle "EXT 2019"]
[Source "ChessBase"]
[SourceDate "2018.10.10"]
[SourceVersion "1"]
[SourceVersionDate "2018.10.10"]
[SourceQuality "1"]

1. a3 e5 2. c4 c6 3. Nc3 Nf6 4. d3 d5 5. cxd5 cxd5 6. e3 Nc6 7. Nf3 Be7 8. Be2 0-0 9. 0-0 a6 10. b4 b5 11. Bb2 Bb7 12. Rc1 Rc8 13. h3 Qd6 14. d4 e4 15. Nh2 Nd7 16. f4 f5 17. g4 Nb6 18. g5 Nc4 19. Bxc4 bxc4 20. Rf2 Na7 21. Nf1 Nb5 22. h4 Ra8 23. Nxb5 axb5 24. Ng3 Bc8 25. Ne2 Bd7 26. Nc3 Bc6 27. Rh2 Ra7 28. h5 Bxg5 29. fxg5 Qg3+ 30. Kh1 Qxg5 31. Qg1 Qf6 32. Ne2 Be8 33. Nf4 Qc6 34. Rcc2 Rff7 35. Rhg2 Rf6 36. Rh2 Rc7 37. Qg5 h6 38. Qh4 Bf7 39. Rhg2 Be8 40. Qe1 Qd7 41. Rg3 Bf7 42. Rcg2 Kf8 43. Rxg7 Qd6 44. R7g3 Qa6 45. Rc2 Rfc6 46. Ng6+ Bxg6 47. hxg6 Kg7 48. Qf2 Rxg6 49. Rxg6+ Kxg6 50. Qg3+ 1-0

[Event "Madrid Codes Memorial 11th"]
[Site "Madrid"]
[Date "2017.04.23"]
[Round "3"]
[White "Alonso Gutierrez, Anastasio"]
[Black "Santacruz Sanchez, Jose Luis"]
[Result "1-0"]
[WhiteElo "1825"]
[BlackElo "1272"]
[PlyCount "75"]
[EventDate "2017.04.02"]
[EventType "swiss"]
[EventRounds "9"]
[EventCountry "ESP"]
[SourceTitle "EXT 2019"]
[Source "ChessBase"]
[SourceDate "2018.10.10"]
[SourceVersion "1"]
[SourceVersionDate "2018.10.10"]
[SourceQuality "1"]

1. c4 e5 2. Nc3 Nf6 3. g3 d6 4. Bg2 c6 5. Nf3 Be7 6. d4 e4 7. Nd2 d5 8. e3 0-0 9. 0-0 Na6 10. a3 Bf5 11. h3 h5 12. f3 Qd7 13. cxd5 cxd5 14. fxe4 Bxh3 15. e5 Bxg2 16. exf6 Qh3 17. Rf3 Qh1+ 18. Kf2 Qxd1 19. Nxd1 Bxf3 20. fxe7 Bxd1 21. exf8Q+ Rxf8 22. Nb1 g5 23. Nc3 Bb3 24. e4 dxe4 25. Nxe4 f5 26. Nxg5 Rf6 27. Bf4 Kg7 28. Be5 Kg6 29. Bxf6 Kxf6 30. Nf3 Nc7 31. Rc1 Nd5 32. Nd2 Ba4 33. Rc8 Bc6 34. Rh8 Kg5 35. Nf3+ Kg6 36. Ne5+ Kg7 37. Rxh5 f4 38. Nxc6 1-0

[Event "Madrid Los Angeles op 10th"]
[Site "Madrid"]
[Date "2016.05.15"]
[Round "6"]
[White "Santacruz Sanchez, Jose Luis"]
[Black "Ghavami, Mahmoud"]
[Result "0-1"]
[WhiteElo "1292"]
[BlackElo "1403"]
[PlyCount "64"]
[EventDate "2016.04.03"]
[EventType "swiss"]
[EventRounds "9"]
[EventCountry "ESP"]
[SourceTitle "CBM 172 Extra"]
[Source "ChessBase"]
[SourceDate "2016.06.21"]
[SourceVersion "1"]
[SourceVersionDate "2016.06.21"]
[SourceQuality "1"]

1. e4 e6 2. d4 d5 3. exd5 exd5 4. Bd3 Bd6 5. Nc3 c6 6. h3 Ne7 7. Nf3 0-0 8. 0-0 Nd7 9. Re1 Ng6 10. Bd2 b5 11. a3 a5 12. Ne2 Nb6 13. b3 a4 14. Ng3 axb3 15. Bb4 Bxb4 16. axb4 Rxa1 17. Qxa1 bxc2 18. Bxc2 Re8 19. Qc3 Nc4 20. Nf1 Nf4 21. Bd1 Bf5 22. Ne3 Bg6 23. Kh1 Nd3 24. Rf1 Qd6 25. Be2 Nxe3 26. fxe3 Rxe3 27. Bxd3 Rxd3 28. Qe1 f6 29. Nh4 Be4 30. Nf5 Rxh3+ 31. Kg1 Qh2+ 32. Kf2 Qxg2# 0-1

[Event "Madrid Los Angeles op 10th"]
[Site "Madrid"]
[Date "2016.05.08"]
[Round "5"]
[White "Santacruz Sanchez, Jose Luis"]
[Black "Salgado Duarte, Pablo"]
[Result "0-1"]
[WhiteElo "1292"]
[BlackElo "1550"]
[PlyCount "92"]
[EventDate "2016.04.03"]
[EventType "swiss"]
[EventRounds "9"]
[EventCountry "ESP"]
[SourceTitle "CBM 172 Extra"]
[Source "ChessBase"]
[SourceDate "2016.06.21"]
[SourceVersion "1"]
[SourceVersionDate "2016.06.21"]
[SourceQuality "1"]

1. e4 e5 2. Nf3 Nc6 3. Bb5 a6 4. Ba4 Nf6 5. d3 b5 6. Bb3 h6 7. a3 Bc5 8. 0-0 d6 9. Re1 Bg4 10. c3 0-0 11. Be3 Bxe3 12. Rxe3 Qd7 13. Nbd2 Be6 14. Bc2 Ng4 15. Re1 f5 16. Qe2 fxe4 17. Nxe4 Ne7 18. Rad1 Nd5 19. Ng3 Nf4 20. Qf1 Bd5 21. Ne4 Nf6 22. d4 Bc4 23. Bd3 Bxd3 24. Rxd3 Nxd3 25. Qxd3 exd4 26. Qxd4 Nxe4 27. Qxe4 Rae8 28. Qd5+ Kh8 29. Rd1 Qg4 30. Qd3 Re6 31. h3 Qh5 32. b4 Rg6 33. g4 Rxg4+ 34. hxg4 Qxg4+ 35. Kf1 Rxf3 36. Qe2 Qh3+ 37. Ke1 Rf5 38. Kd2 Re5 39. Qf1 Rd5+ 40. Kc2 Qf5+ 41. Kc1 Qf4+ 42. Kc2 Rf5 43. Rd2 Qe4+ 44. Kc1 Rh5 45. Qe2 Rh1+ 46. Kb2 Qb1# 0-1

[Event "Madrid Los Angeles op 10th"]
[Site "Madrid"]
[Date "2016.04.17"]
[Round "3"]
[White "Murciano Cespedosa, Antonio"]
[Black "Santacruz Sanchez, Jose Luis"]
[Result "1-0"]
[WhiteElo "1689"]
[BlackElo "1292"]
[PlyCount "81"]
[EventDate "2016.04.03"]
[EventType "swiss"]
[EventRounds "9"]
[EventCountry "ESP"]
[SourceTitle "CBM 172 Extra"]
[Source "ChessBase"]
[SourceDate "2016.06.21"]
[SourceVersion "1"]
[SourceVersionDate "2016.06.21"]
[SourceQuality "1"]

1. d4 d5 2. Nf3 Bf5 3. Bf4 Nf6 4. e3 c6 5. c3 e6 6. Qb3 b5 7. Nbd2 Be7 8. a4 bxa4 9. Qb7 Nbd7 10. Bc7 Qc8 11. Ba6 Qxb7 12. Bxb7 0-0 13. Bxa8 Rxa8 14. Rxa4 Bd3 15. Ne5 Bb5 16. Ra2 c5 17. Nxd7 Nxd7 18. Nf3 f6 19. Kd2 a6 20. Kc2 Rc8 21. Bg3 g5 22. Rha1 c4 23. Ra5 Rc6 24. Rxb5 axb5 25. Ra7 Kf7 26. Rxd7 h5 27. h3 h4 28. Bh2 Rb6 29. Ra7 Ke8 30. Bc7 Rc6 31. Ba5 Bd8 32. Bxd8 Kxd8 33. Rb7 Ra6 34. Kb1 Ke8 35. Rxb5 Kf7 36. Rb7+ Kg6 37. Nh2 Kf5 38. Ng4 e5 39. dxe5 fxe5 40. Rf7+ Ke6 41. Rf6+ 1-0

[Event "Madrid Codes Memorial 9th"]
[Site "Madrid"]
[Date "2015.05.17"]
[Round "6"]
[White "Jimenez Manzano, Emiliano"]
[Black "Santacruz Sanchez, Jose Luis"]
[Result "1-0"]
[WhiteElo "1517"]
[BlackElo "1196"]
[PlyCount "131"]
[EventDate "2015.03.29"]
[EventType "swiss"]
[EventRounds "9"]
[EventCountry "ESP"]
[SourceTitle "EXT 2019"]
[Source "ChessBase"]
[SourceDate "2018.10.10"]
[SourceVersion "1"]
[SourceVersionDate "2018.10.10"]
[SourceQuality "1"]

1. d4 d5 2. g3 e6 3. c3 Nf6 4. Nd2 Nbd7 5. Bg2 c5 6. Ngf3 Be7 7. 0-0 0-0 8. e3 b6 9. Ne5 Bb7 10. Ndf3 Qc7 11. Re1 Bd6 12. Nxd7 Qxd7 13. a4 a5 14. Ng5 Ne4 15. Nxe4 dxe4 16. dxc5 bxc5 17. Qc2 Qc6 18. c4 Rfd8 19. Rd1 Be7 20. Bd2 Rd7 21. Be1 Bf6 22. Rxd7 Qxd7 23. Bxe4 Bxe4 24. Qxe4 Rb8 25. Bxa5 h6 26. Bc3 Bxc3 27. bxc3 Qb7 28. Qxb7 Rxb7 29. a5 Ra7 30. a6 Kf8 31. Ra5 Ke7 32. Rxc5 Rxa6 33. Rc7+ Kf6 34. Rd7 Ra4 35. Rd4 e5 36. Rd6+ Ke7 37. Rc6 Ra3 38. Kg2 Rxc3 39. Kf3 Rc2 40. h4 Kd7 41. Rc5 Ke6 42. e4 h5 43. Ke3 Kd6 44. Rd5+ Ke6 45. c5 f5 46. Rd6+ Ke7 47. exf5 Rxc5 48. Re6+ Kf7 49. Ke4 Ra5 50. Rxe5 Ra4+ 51. Kd5 Kf6 52. Re4 Ra5+ 53. Kd4 Kxf5 54. Rf4+ Ke6 55. Kd3 g5 56. hxg5 Rxg5 57. Re4+ Re5 58. f3 Kf5 59. Rxe5+ Kxe5 60. Ke3 Kf5 61. Kd4 Kg5 62. Ke5 Kh6 63. Kf5 h4 64. gxh4 Kh5 65. f4 Kxh4 66. Kg6 1-0

[Event "Madrid Codes Memorial 9th"]
[Site "Madrid"]
[Date "2015.04.19"]
[Round "3"]
[White "Lopez Ziegler, Juan Jose"]
[Black "Santacruz Sanchez, Jose Luis"]
[Result "0-1"]
[WhiteElo "1573"]
[BlackElo "1196"]
[PlyCount "129"]
[EventDate "2015.03.29"]
[EventType "swiss"]
[EventRounds "9"]
[EventCountry "ESP"]
[SourceTitle "EXT 2019"]
[Source "ChessBase"]
[SourceDate "2018.10.10"]
[SourceVersion "1"]
[SourceVersionDate "2018.10.10"]
[SourceQuality "1"]

1. d4 d5 2. Bf4 e6 3. e3 Nf6 4. Nf3 c5 5. c3 Bd7 6. Nbd2 c4 7. Ne5 Nc6 8. Be2 Nxe5 9. dxe5 Ng8 10. Qc2 Ne7 11. e4 g6 12. Bg5 Qc7 13. Bf6 Rg8 14. 0-0 Nc6 15. f4 Be7 16. exd5 exd5 17. Bxe7 Kxe7 18. Nf3 Bf5 19. Qd2 Rad8 20. Nd4 Nxd4 21. Qxd4 a6 22. Bf3 Be6 23. Rad1 Rge8 24. Qf2 Kf8 25. Qh4 Kg8 26. g4 Qe7 27. g5 Qc5+ 28. Kh1 b5 29. Rd4 a5 30. Rfd1 Re7 31. Qf2 Red7 32. Kg2 b4 33. h4 bxc3 34. bxc3 Rb8 35. R1d2 a4 36. Rb2 Rdb7 37. Rxb7 Rxb7 38. Kg3 a3 39. Rd2 Qxf2+ 40. Kxf2 Rb2 41. Ke3 Kf8 42. Re2 Ke7 43. Kd4 Kd7 44. h5 Bf5 45. hxg6 hxg6 46. Kxd5 Bd3 47. Rg2 Bf1 48. Rg1 Rf2 49. Bg4+ Ke7 50. Kc5 Bd3 51. Rh1 Rxf4 52. Bd1 Rf2 53. Ba4 Rxa2 54. Rh8 Ke6 55. Re8+ Kf5 56. Re7 Rb2 57. Rxf7+ Kxe5 58. Re7+ Kf5 59. Re1 a2 60. Be8 Bb1 61. Rf1+ Kxg5 62. Rg1+ Kf4 63. Rf1+ Ke3 64. Re1+ Re2 65. Bxg6 0-1